Zoology

Αποθηκεύτηκε σε:
Λεπτομέρειες βιβλιογραφικής εγγραφής
Κύριος συγγραφέας: Dorit, Robert L.
Άλλοι συγγραφείς: Walker, Warren Franklin, Barnes, Robert D.
Μορφή: Βιβλίο
Γλώσσα:English
Δημοσίευση: Philadelphia : Saunders College Publishing, c1991
Θέματα:
Ετικέτες: Προσθήκη ετικέτας
Δεν υπάρχουν, Καταχωρήστε ετικέτα πρώτοι!

MARC

LEADER 00000nam a2200000 i 4500
001 1/103717
008 000301s1991 eng d
020 |a 0-03-030504-7 
035 |l 10058578 
040 |a GR-MY-UA  |b gre  |e aacr 
041 0 |a eng 
082 0 |a 591 
100 1 |a Dorit, Robert L. 
245 1 0 |a Zoology /  |c Robert L. Dorit, Warren F. Walker, Robert D. Barnes 
260 |a Philadelphia :   |b Saunders College Publishing,   |c c1991 
300 |a xxv, 1035 p., [53] p., [6] leaves of plates  |b ill. 
504 |a Includes bibliographical references and index 
650 0 0 |a Zoology. 
700 1 |a Walker, Warren Franklin. 
700 1 |a Barnes, Robert D. 
852 |a INST  |b LESVOS  |e 20000301  |h 591 DOR  |p 005100023922  |q 005100023922  |t BK  |y 0 
901 |a BIBL1-2000-1 
909 |a Λ  |b 073439 
922 |a 1ΕΛΗ  |b 199912  |c ΚΠΣ/ΤΠ  |d GLORY 
950 |a 107-1999-12-21 
970 |a ΤΖΑΦΕΡΗ  |b ΕΥΑΓΓΕΛΙΑ  |z 2000/03/01